000 00464nam a2200193Ia 4500
005 20240823024025.0
008 240823s9999||||xx |||||||||||||| ||und||
020 _a978-81-312-0434-4
041 _aENGLISH
082 _A623.81P8
100 _a"Tupper,Eric C"
245 0 _aIntroduction to Naval Architecture
250 _a4th
260 _c2008
_bButterworth-He
500 _aYES
650 _aNaval Architecture
_bMarine
942 _cBK
999 _c182936
_d182936